00819nam a2200205 i 4500001000700000003000900007005001700016007000300033008004100036080001000077245016200087250001300249260004900262300002200311650003400333650003500367852006600402999001900468952012600487129832ES-MaACL20230906193604.0t|070709s1806 fr |||| | fre d a050.900aManuel pour la concordance des calendriers républicain et grégorien ou recueil complet de tous les annuaires depuis la première année républicaine. a2e éd. aParis : bAntoine-Augustin Renouard, c1806. a212 p. ; c18 cm.14aCalendario gregoriano.910679 4aCalendarios-zFrancia.9166420 aES-MaACLjE-11847 z. - Biblioteca Jacinto Martínez Lacalle c129832d129832 001040708LIBXIXaATENEOMbATENEOMcDEPO2d2008-01-17eSCl0oE-11847p1135190r2023-02-23 00:00:00w2023-02-23yMONANT